logo

Bir Sreshtho Munshi Abdur Rouf Library
Jhenaidah Cadet College

লিনিয়ার এলজাবরা / (Record no. 5487)

MARC details
000 -LEADER
fixed length control field 00645nam a2200217 a 4500
001 - CONTROL NUMBER
JCCL Control Number 5487
003 - CONTROL NUMBER IDENTIFIER
JCCL marc code BD-JhCC
005 - DATE AND TIME OF LATEST TRANSACTION
control field 20171218124328.0
008 - FIXED-LENGTH DATA ELEMENTS--GENERAL INFORMATION
fixed length control field 171217b20092011bg a|||| ||a| 000 0 mul d
035 ## - SYSTEM CONTROL NUMBER
system control number (BD-JhCC)5487
040 ## - CATALOGING SOURCE
Original cataloging agency BD-JhCC
Modifying agency BD-JhCC
041 ## - LANGUAGE CODE
Language code of Book mul
082 ## - DEWEY DECIMAL CLASSIFICATION NUMBER
Classification number 512.13
Author mark and Year LIN 2009
245 ## - TITLE STATEMENT
Title লিনিয়ার এলজাবরা /
Statement of responsibility, etc মোঃ এলিয়াছ হোসেন ...[et. all].
260 ## - PUBLICATION, DISTRIBUTION, ETC. (IMPRINT)
Place of publication, distribution, etc ঢাকা :
Name of publisher, distributor, etc Titas Publications,
Date of publication, distribution, etc 2009.
300 ## - PHYSICAL DESCRIPTION
Pagination 472 P. :
Dimensions 21 cm.
650 ## - SUBJECT ADDED ENTRY--TOPICAL TERM
Topical term or geographic name as entry element Algebra
700 ## - ADDED ENTRY--PERSONAL NAME
Personal name হোসেন, মোঃ এলিয়াছ
942 ## - ADDED ENTRY ELEMENTS (KOHA)
Source of classification or shelving scheme Dewey Decimal Classification
Koha item type Books
Holdings
Source of classification or shelving scheme Damaged status Not for loan Home library Current library Shelving location Date of accession Cost, normal purchase price Total Checkouts Full call number Barcode Date last seen Copy number Koha item type
Dewey Decimal Classification     JCC Rouf Library JCC Rouf Library General Stacks 12/17/2017 160.00   512.13 LIN 2009 7715 12/17/2017 C-1 Books
Dewey Decimal Classification     JCC Rouf Library JCC Rouf Library General Stacks 12/21/2017 140.00   512.13 LIN 2009 7701 12/21/2017 C-2 Books

JCC Library | Contacts | JCC Home

Last Update on 23 September 2017
Copyright @ 2017-2020 JCC Rouf Library
Rouf Library, Jhenidah Cadet College (JCC), Bangladesh